| 000 | 01178nam0a22003371 4500 | ||
|---|---|---|---|
| 001 | v19\rc\1795083 | ||
| 005 | 20250619084127.0 | ||
| 035 | _a(NLR Aleph) 004892845 | ||
| 090 |
_a5289853 _c5289853 |
||
| 100 | _a20061204d1905 |||y0rusy50 ca | ||
| 101 | 1 |
_arus _cfre |
|
| 102 | _aRU | ||
| 105 | _ay z |||a| | ||
| 200 | 1 |
_aРомантики _d(Les romanesques) _eКомедия в 3 д. _fЭ. Ростан _gПер. с фр., в стихах, Т. Щепкиной-Куперник _zfre |
|
| 210 |
_aМосква _cД.П. Ефимов _d1905 |
||
| 215 |
_a179 с. _d16 |
||
| 510 | 0 |
_a(Les romanesques) _zfre |
|
| 700 | 1 |
_aРостан _bЭ. _f1868-1918 _gЭдмонд |
|
| 702 | 1 |
_9z01790 _aЩепкина-Куперник _bТ.Л. _f1874-1952 _gТатьяна Львовна _4730 |
|
| 790 | 1 |
_9z01702 _aКуперник _bТ.Л. _f1874-1952 _gТатьяна Львовна |
|
| 801 | 0 |
_aRU _bNLR _gpsbo |
|
| 801 | 0 |
_aRU _bRuMoRGB _2psbo |
|
| 801 | 1 |
_aRU _bProSoft-M _2rusmarc |
|
| 852 |
_aNLR _j38.62.6.38 |
||
| 899 |
_aRuMoRGB _jU 297/226 |
||
| 899 |
_aRuMoRGB _jU 31/1003 |
||
| 899 |
_aRuMoRGB _jA 285/471 |
||
| 899 | _aБАН | ||
| 899 | _aНБ СПбГУ | ||
| 942 | _cBOOK | ||
| 980 | _aNB | ||